000 00680nam a2200181Ia 4500
008 090124s9999 xx 000 0 und d
082 _b25090
_a3175
100 _aगुप्ता शरद
245 _a मराठी स्त्री शक्तीचे राजकारणी रुप
250 _a1
260 _c1986
300 _a313
600 _aगुप्ता शरद
630 _a मराठी स्त्री शक्तीचे राजकारणी रुप
700 _aगुप्ता शरद
730 _a मराठी स्त्री शक्तीचे राजकारणी रुप
942 _cBOOK
999 _c138621
_d138621